|
|
|
|
| LEADER |
01240cam a2200349Ia 4500 |
| 001 |
9780203483695 |
| 003 |
FlBoTFG |
| 005 |
20110119191319.0 |
| 006 |
a|||||s||||||||||| |
| 007 |
cr|||| |
| 008 |
110119s2004 flua sb 001 0 eng d |
| 020 |
|
|
|a 9780203483695 (e-book : PDF)
|
| 040 |
|
|
|a FlBoTFG
|c FlBoTFG
|d GrThAP
|
| 043 |
|
|
|a u-at---
|
| 090 |
|
|
|a HV8073
|b .P69 2004
|
| 092 |
|
|
|a 363.25
|b P895
|
| 245 |
0 |
4 |
|a The practice of crime scene investigation
|h [electronic resource] /
|c edited by John Horswell.
|
| 260 |
|
|
|a Boca Raton :
|b CRC Press,
|c c2004.
|
| 300 |
|
|
|a xxxi, 418 p. :
|b ill.
|
| 490 |
1 |
|
|a International forensic science and investigation series
|
| 504 |
|
|
|a Includes bibliographical references and index.
|
| 530 |
|
|
|a Also available in print edition.
|
| 538 |
|
|
|a Mode of access: World Wide Web.
|
| 650 |
|
0 |
|a Criminal investigation
|z Australia.
|
| 650 |
|
0 |
|a Crime scene searches
|z Australia.
|
| 650 |
|
0 |
|a Evidence, Criminal
|z Australia.
|
| 655 |
|
7 |
|a Electronic books.
|2 lcsh
|
| 700 |
1 |
|
|a Horswell, John.
|
| 776 |
1 |
|
|z 9780748406098
|
| 776 |
1 |
|
|z 0748406093
|
| 830 |
|
0 |
|a International forensic science and investigation series.
|
| 856 |
4 |
0 |
|u http://www.tandfebooks.com/isbn/9780203483695
|z Full Text via HEAL-Link
|